00459nam a22001577a 450000500170000001000150001702000180003203500140005003700130006408200110007710000270008824500780011526000580019327000290025130000210028020220831111247.0 aENG-134388 a9788784701968 aEN-117920 bDBAD/PUB a485.00 aSarma, Anjaneya S.L.P. aBhattoji Diksita on the Gajasutra/cS.l.P. anjaneya sarma Francois Grimal aPondicherrybinstitute francais de pondicherry c2013 aPondicherrybPondicherry a136p.c24cm(pbk)